[Event "Frankfurt-chA"]
[Site "Frankfurt"]
[Date "2014.05.05"]
[Round "2"]
[White "Lehmann, Gerit"]
[Black "Jung, Bernd"]
[Result "0-1"]
[WhiteElo "1492"]
[BlackElo "1618"]
[PlyCount "110"]
[EventDate "2014.04.28"]
[EventType "swiss"]
[EventRounds "7"]
[EventCountry "GER"]
[SourceTitle "EXT 2015"]
[Source "ChessBase"]
[SourceDate "2014.11.20"]
[SourceVersion "1"]
[SourceVersionDate "2014.11.20"]
[SourceQuality "1"]

1. d4 d5 2. c4 e6 3. Nc3 c5 4. cxd5 exd5 5. Nf3 Nc6 6. Bf4 Be6 7. e3 Nf6 8. h3 Be7 9. Ne5 0-0 10. Be2 Rc8 11. 0-0 Re8 12. Bb5 a6 13. Nxc6 bxc6 14. Bxa6 Ra8 15. Bb7 Ra7 16. Bxc6 Rf8 17. Ba4 Qc8 18. Rc1 Bxh3 19. Qf3 Bg4 20. Qg3 Ra6 21. f3 Bh5 22. dxc5 Bxc5 23. Rfd1 Bg6 24. Qe1 Nh5 25. Be5 Qe6 26. Rxd5 Bb4 27. Bb3 Qe7 28. a3 Ba5 29. Rcd1 Nf6 30. Bd6 Qb7 31. Bxf8 Qxb3 32. Bb4 Nxd5 33. Rxd5 Bxb4 34. axb4 Ra8 35. Qd2 h6 36. b5 Kh7 37. e4 Rb8 38. f4 f6 39. e5 fxe5 40. fxe5 Bf7 41. Rc5 Qb4 42. Rc7 Rf8 43. Qd6 Qh4 44. Qd3+ Bg6 45. Qh3 Qe1+ 46. Kh2 Rf1 47. Rxg7+ Kxg7 48. Qd7+ Rf7 49. Qd4 Kh7 50. b6 Rf1 51. Qd7+ Bf7 52. Qd3+ Kg8 53. Qd8+ Kg7 54. Kh3 Be6+ 55. g4 Rf3+ 0-1

[Event "Frankfurt-chA"]
[Site "Frankfurt"]
[Date "2014.04.28"]
[Round "1"]
[White "Jung, Bernd"]
[Black "Grobe, Detlef"]
[Result "0-1"]
[WhiteElo "1618"]
[BlackElo "1932"]
[PlyCount "76"]
[EventDate "2014.04.28"]
[EventType "swiss"]
[EventRounds "7"]
[EventCountry "GER"]
[SourceTitle "EXT 2015"]
[Source "ChessBase"]
[SourceDate "2014.11.20"]
[SourceVersion "1"]
[SourceVersionDate "2014.11.20"]
[SourceQuality "1"]

1. e4 c5 2. Nf3 e6 3. b4 cxb4 4. d4 b6 5. a3 Bb7 6. Bd3 Nf6 7. Qe2 bxa3 8. 0-0 Be7 9. c3 d5 10. e5 Nfd7 11. Nxa3 a6 12. Re1 b5 13. Nc2 Nc6 14. Ba3 Nb6 15. Bxe7 Nxe7 16. Reb1 Nec8 17. Ra2 Nc4 18. Nd2 N8b6 19. Nb3 Na4 20. Qe1 Qc7 21. Rxa4 bxa4 22. Nc5 Bc6 23. Qe2 Bb5 24. Ne3 0-0 25. Ng4 Rfb8 26. Bxh7+ Kf8 27. Qf3 Qe7 28. Ra1 Ke8 29. h3 a3 30. Bd3 Nb2 31. Bc2 Rc8 32. Rxa3 Rxc5 33. dxc5 Qxc5 34. Rb3 Nc4 35. Qf4 Na5 36. Qb4 Nxb3 37. Bxb3 Qxb4 38. cxb4 Rc8 0-1

[Event "Rhein Main op 11th"]
[Site "Bad Homburg"]
[Date "2008.05.22"]
[Round "2"]
[White "Kuenne, Lutz Dieter"]
[Black "Jung, Bernd"]
[Result "0-1"]
[WhiteElo "1588"]
[BlackElo "1899"]
[PlyCount "128"]
[EventDate "2008.05.21"]
[EventType "swiss"]
[EventRounds "7"]
[EventCountry "GER"]
[SourceTitle "CBM 124 Extra"]
[Source "ChessBase"]
[SourceDate "2008.07.03"]
[SourceVersion "1"]
[SourceVersionDate "2008.07.03"]
[SourceQuality "1"]

1. e4 c6 2. d4 d5 3. exd5 Qxd5 4. Nc3 Qa5 5. Bd2 Bf5 6. Bc4 Qc7 7. Nf3 Nf6 8. Ne5 e6 9. g4 Bg6 10. h4 Be4 11. Nxe4 Nxe4 12. Bd3 Nxd2 13. Qxd2 Nd7 14. f4 Bd6 15. 0-0-0 0-0-0 16. Rdf1 Nb6 17. Nc4 Nxc4 18. Bxc4 Qb6 19. f5 Be5 20. c3 c5 21. Qe2 Bc7 22. fxe6 fxe6 23. Qxe6+ Kb8 24. Qxb6 Bxb6 25. dxc5 Bxc5 26. Rf7 Be3+ 27. Kc2 Rd2+ 28. Kb3 g6 29. Rg7 Rg2 30. Bd5 Rxg4 31. Rxb7+ Kc8 32. Rxh7 Rxh7 33. Be6+ Kc7 34. Bxg4 g5 35. h5 Kd6 36. Rd1+ Kc6 37. Rd3 Bf4 38. Bf3+ Kb6 39. Rd4 Kc5 40. Rc4+ Kd6 41. Rb4 Be3 42. Rb5 Rf7 43. Be4 Rf4 44. Bg6 Rh4 45. Rf5 g4 46. Rf1 g3 47. Rd1+ Ke5 48. Re1 Kf4 49. Rf1+ Bf2 50. Rxf2+ gxf2 51. Bd3 Rxh5 52. a4 Rh1 53. Kc4 Ke5 54. b4 f1Q 55. Bxf1 Rxf1 56. Kc5 Rf6 57. b5 Rd6 58. a5 Ke6 59. c4 Kd7 60. b6 axb6+ 61. axb6 Rh6 62. Kb5 Kc8 63. c5 Kb7 64. Ka5 Kc6 0-1

[Event "Bad Zwesten op 9th"]
[Site "Bad Zwesten"]
[Date "2005.01.08"]
[Round "9"]
[White "Heisterhagen, Tilmann"]
[Black "Jung, Bernd"]
[Result "1-0"]
[WhiteElo "2011"]
[BlackElo "1455"]
[PlyCount "85"]
[EventDate "2005.01.02"]
[EventType "swiss"]
[EventRounds "9"]
[EventCountry "GER"]
[SourceTitle "CBM 104 Extra"]
[Source "ChessBase"]
[SourceDate "2005.03.01"]
[SourceVersion "1"]
[SourceVersionDate "2005.03.01"]
[SourceQuality "1"]

1. e4 d5 2. exd5 Qxd5 3. Nc3 Qa5 4. d4 c6 5. Bc4 Bf5 6. Nf3 Nf6 7. Bd2 e6 8. Nd5 Qd8 9. Nxf6+ Qxf6 10. c3 Nd7 11. Qe2 Bd6 12. Bg5 Qg6 13. h4 h5 14. 0-0-0 Nb6 15. Bb3 Nd5 16. Bxd5 cxd5 17. Qb5+ Kf8 18. Qd7 e5 19. Qxb7 Rb8 20. Qxd5 Be4 21. Qc4 Kg8 22. dxe5 Ba3 23. bxa3 Rb1+ 24. Kd2 Rb2+ 25. Ke3 Kh7 26. Qxe4 Re2+ 27. Kxe2 Qxe4+ 28. Be3 Qc2+ 29. Rd2 Qxc3 30. Rc1 Qxa3 31. Ng5+ Kg6 32. Rc6+ f6 33. exf6 gxf6 34. Nf3 Re8 35. Rcd6 Qc3 36. Kf1 Re4 37. Bg5 Qc4+ 38. Kg1 Re6 39. Rxe6 Qxe6 40. Be3 Qc4 41. g3 Kf5 42. Nd4+ Kg4 43. Kg2 1-0

[Event "Bad Zwesten op 9th"]
[Site "Bad Zwesten"]
[Date "2005.01.05"]
[Round "6"]
[White "Jung, Bernd"]
[Black "Sinn, Klaus"]
[Result "1-0"]
[WhiteElo "1455"]
[BlackElo "1771"]
[PlyCount "77"]
[EventDate "2005.01.02"]
[EventType "swiss"]
[EventRounds "9"]
[EventCountry "GER"]
[SourceTitle "CBM 104 Extra"]
[Source "ChessBase"]
[SourceDate "2005.03.01"]
[SourceVersion "1"]
[SourceVersionDate "2005.03.01"]
[SourceQuality "1"]

1. e4 c6 2. Nf3 d5 3. Nc3 dxe4 4. Nxe4 Bf5 5. Ng3 Bg6 6. h4 h6 7. Ne5 Bh7 8. Qf3 Nf6 9. Qb3 Qd5 10. Qxb7 Qxe5+ 11. Be2 e6 12. Qxa8 Qc7 13. Ba6 Bd6 14. Qb7 Bxg3 15. fxg3 Qxg3+ 16. Kd1 0-0 17. Qxa7 Ne4 18. Rf1 Nxa6 19. Qxa6 Bf5 20. Qe2 Bg4 21. Rf3 Bxf3 22. Qxf3 Qxh4 23. d3 Rd8 24. Bd2 Qh1+ 25. Be1 Nf6 26. a4 Nd5 27. Ke2 Qh2 28. Bg3 Nf4+ 29. Bxf4 Qh4 30. a5 Qf6 31. Ra2 Qf5 32. a6 e5 33. Be3 Qe6 34. b3 f5 35. a7 Ra8 36. Ra6 e4 37. dxe4 fxe4 38. Qf4 Kh7 39. Ra4 1-0